MARC details
| 000 -LEADER |
| fixed length control field |
01259nam a2200361 a 4500 |
| 001 - CONTROL NUMBER |
| control field |
vtls000183916 |
| 003 - CONTROL NUMBER IDENTIFIER |
| control field |
NLI |
| 005 - DATE AND TIME OF LATEST TRANSACTION |
| control field |
20210602111252.0 |
| 008 - FIXED-LENGTH DATA ELEMENTS--GENERAL INFORMATION |
| fixed length control field |
101125s2005 enk 001 0 eng |
| 020 ## - INTERNATIONAL STANDARD BOOK NUMBER |
| International Standard Book Number |
14039480388 : |
| Terms of availability |
PND 50.00 |
| 039 #9 - LEVEL OF BIBLIOGRAPHIC CONTROL AND CODING DETAIL [OBSOLETE] |
| -- |
201011252215 |
| -- |
VLOAD |
| 040 ## - CATALOGING SOURCE |
| Original cataloging agency |
NLI |
| Language of cataloging |
eng |
| Transcribing agency |
Datasoft 1 |
| Description conventions |
AACR2 |
| 041 0# - LANGUAGE CODE |
| Language code of text/sound track or separate title |
eng |
| 044 ## - COUNTRY OF PUBLISHING/PRODUCING ENTITY CODE |
| MARC country code |
enk |
| 082 04 - DEWEY DECIMAL CLASSIFICATION NUMBER |
| Classification number |
327.1709051 |
| 245 00 - TITLE STATEMENT |
| Title |
Internalizing globalization : |
| Remainder of title |
the rise of neoliberalism and the decline of national varieties of capitalism / |
| Statement of responsibility, etc. |
edited by Susanne Soederberg, Georg Menz and Philip G. Cerny |
| 260 ## - PUBLICATION, DISTRIBUTION, ETC. |
| Place of publication, distribution, etc. |
Basingstoke : |
| Name of publisher, distributor, etc. |
Palgrave Macmillan, |
| Date of publication, distribution, etc. |
2005 |
| 300 ## - PHYSICAL DESCRIPTION |
| Extent |
xiii, 297 p. ; |
| Dimensions |
23 cm. |
| 440 #0 - SERIES STATEMENT/ADDED ENTRY--TITLE |
| Title |
International political economy series |
| 504 ## - BIBLIOGRAPHY, ETC. NOTE |
| Bibliography, etc. note |
Includes bibliographical references and index |
| 650 #0 - SUBJECT ADDED ENTRY--TOPICAL TERM |
| Topical term or geographic name entry element |
Globalization |
| 9 (RLIN) |
2610 |
| 650 #0 - SUBJECT ADDED ENTRY--TOPICAL TERM |
| Topical term or geographic name entry element |
Neoliberalism |
| 9 (RLIN) |
359427 |
| 650 #0 - SUBJECT ADDED ENTRY--TOPICAL TERM |
| Topical term or geographic name entry element |
Capitalism |
| 9 (RLIN) |
5472 |
| 650 #0 - SUBJECT ADDED ENTRY--TOPICAL TERM |
| Topical term or geographic name entry element |
Economic policy |
| 9 (RLIN) |
2783 |
| 700 1# - ADDED ENTRY--PERSONAL NAME |
| Personal name |
Soederberg, Susanne, |
| Dates associated with a name |
1966-, |
| Relationship |
edt |
| 9 (RLIN) |
359428 |
| 700 1# - ADDED ENTRY--PERSONAL NAME |
| Personal name |
Menz, Georg, |
| Dates associated with a name |
1973, |
| Relationship |
edt |
| 9 (RLIN) |
359429 |
| 700 1# - ADDED ENTRY--PERSONAL NAME |
| Personal name |
Cerny, Philip G., |
| Dates associated with a name |
1946-, |
| Relationship |
edt |
| 9 (RLIN) |
291775 |
| 887 ## - NON-MARC INFORMATION FIELD |
| Content of non-MARC field |
|
| 901 ## - LOCAL DATA ELEMENT A, LDA (RLIN) |
| a |
555340 |
| b |
21.02.2007 |
| 902 ## - LOCAL DATA ELEMENT B, LDB (RLIN) |
| a |
E 327.1709051 In 8 |
| 942 ## - ADDED ENTRY ELEMENTS (KOHA) |
| Source of classification or shelving scheme |
Dewey Decimal Classification |
| Koha item type |
Books |
| 949 ## - LOCAL PROCESSING INFORMATION (OCLC) |
| -- |
VIRTUAITEM |
| -- |
10000 |
| -- |
100 |
| 6 |
PUR000555340ENG |